01052nam a22002537a 450000500170000000800390001702000180005604000570007404100080013110000220013924501870016126000470034830000300039549000570042550400410048265000260052365000320054965000270058165000530060865000390066170000410070070000320074170000250077320211105120739.0131025s2012 sp d frn 001 0 spa a9788420686974 aCO-BoUCMbspacAngélica RojasdAldemar Mondragón00aspa1 aKing, Garyd1958-13aEl diseño de la investigación social la inferencia científica en los estudios cualitativoscGary King, Robert O. Keohane y Sidney Verba ; traducción Jesús Cuéllar Menezo aMadrid (España)bAlianza Editorialc2012 a272 páginascgráficas0 aLibro universitarioaManuales/Ciencias Socialesv014 aIncluye referencias bibliográficas 7aInferencia (Lógica) 7aInvestigación cualitativa 7aInvestigación social 7aInvestigación socialvMétodos estadísticos 7aMetodología en ciencias sociales1 aCuéllar Menezo, Jesúsetraductor1 aKeohane, Robert Owend1941-1 aVerba, Sidneyd1932-